LEADER 00924nam a2200169 i 4500 001 000000057871 003 CaOOAMICUS 005 19971028000000.0 008 971028n it u000 u ita u 013 $a29043 040 $aSeMil$bita 245 10$aBeatificationis et canonizationis servi Dei Andreae Caroli Ferrari. [S.l. :$bs.n., 1962?]. 85 p. ; 25 cm. ((In testa al front. : Mediolanen. Sul colophon : Roma : D'Ovidio e De Maio. 600 14$aFerrari, Andrea Carlo .$0(OLS)http://semarc/subject/1361 650 4$aSanti - Canonizzazione.$0(OLS)http://semarc/subject/1571 850 $aSeMil 852 $aSeMil$W1$xVenegono$y1$m2J III 179$j24025$B24025$CSeMilBibl$Z2$F24027 $81 996 $6245$aBeatificationis et canonizationis servi Dei Andreae Caroli Ferrari. [S.l. :$bs.n., 1962?]. 85 p. ; 25 cm. ((In testa al front. : Mediolanen. Sul colophon : Roma : D'Ovidio e De Maio.$9(OLS)http://semarc/title/90113 LEADER 00889nam a2200217 i 4500 001 000000196530 003 CaOOAMICUS 005 20161118000000.0 008 161118s1991 it u000 u ita u 013 $a175212 040 $aSeMil$bita 100 1 $aPippione, Marco,$d<1957- >.$0(OLS)http://semarc/name/19519 245 10$aComo dal fascismo alla democrazia /$cMarco Pippione. 260 $aMilano :$bFranco Angeli,$cc1991. 300 $a298 p. :$bill. ;$c22 cm. 650 4$aComo - Storia - 1918-1946.$0(OLS)http://semarc/subject/46580 850 $aSeMil 852 $aSeMil$W1$xVenegono$y1$m3N VI 425$j147093$B147093$CSeMilBibl$Z2$F216598 $81 961 $aOmaggio: Grampa dott. Cesare 996 $6245$aComo dal fascismo alla democrazia$9(OLS)http://semarc/title/283754 996 $6260$aMilano :$bFranco Angeli$9(OLS)http://semarc/publisher/30369